00463nam a2200157Ia 4500008004100000040001900041041001200060082002800072100001900100245004500119260004000164300002700204504003600231650002800267850001000295131103s9999 xx 000 0 und d aLoreto College aEnglish a954.02/SPEbLCLIB/29976 aSpear,Percival 2aA history of India Vol.2cPercival Spear aHarmondsworth bPenguin Booksc1965 a298 p.b mapsc 18 cm. aIncludes index and bibliography aMedieval Indian History aLCLIB